Szczegóły MARC21

Żywoty i poglądy słynnych filozofów /

003 -Nazwa inst., której nr kontr. jest w polu 001 [,]
    • @
    • Nazwa instytucji, której n kontrolny jest w polu 001
    • NUKAT
005 -DATA I CZAS OSTATNIEJ MODYFIKACJI [,]
    • @
    • pole kontrolne
    • 20241231105517.0
020 -Międzynarod. znormalizowany nr książki - ISBN [ , ]
    • a
    • Numer ISBN
    • 830102092X Find
040 -Instytucja sporządzająca opis [ , ]
    • a
    • Instytucja, która sporządziła opis (NP)
    • TOR U/lf
    • c
    • Instytucja, która sporządziła rekord (NP)
    • TOR U/lf
    • d
    • Instytucja, która zmodyfikowała rekord (P)
    • TOR U/AP
    • d
    • Instytucja, która zmodyfikowała rekord (P)
    • KR 93/MPs
041 -Język dokumentu [1, ]
    • a
    • Język tekstu (P)
    • polski
    • h
    • Język tekstu oryginalnego i/lub pośredniego (P)
    • grecki, starożytny (do 1453)
942 -Rodzaj dokumentu [ , ]
    • c
    • Rodzaj dokumentu
    • Książka
100 -Hasło główne - nazwa osobowa [0, ]
    • a
    • Nazwa osobowa (NP)
    • Diogenes Laertius.
    • 9
    • KHW
    • 233457
240 -Tytuł ujednolicony [1,0]
    • a
    • Tytuł ujednolicony
    • Peri viōn kai gnōmōn tōn en filosofia eudokimīsantōn vivlia deka
    • l
    • Język tekstu
    • (pol.)
    • 9
    • KHW
    • 402579
245 -Strefa tytułu i oznaczenia odpowiedzialności [1,0]
    • a
    • Tytuł
    • Żywoty i poglądy słynnych filozofów / Find
    • c
    • Pozostałe elementy strefy tytułu i oznaczenia odpowiedzialności (NP)
    • Diogenes Laertios ; przekł. Irena Krońska, Kazimierz Leśniak, Witold Olszewski ; oprac. przekładu, przypisy i skorowidz I. Krońska ; wstęp Kazimierz Leśniak.
250 -Strefa wydania [ , ]
    • a
    • Oznaczenie wydania (NP)
    • Wyd. 3.
260 -Strefa adresu wydawniczego [ , ]
    • a
    • Miejsce wydania (P)
    • Warszawa :
    • b
    • Nazwa wydawcy (P)
    • Państwowe Wydawnictwo Naukowe,
    • c
    • Data wydania (P)
    • 1984.
300 -Strefa opisu fizycznego [ , ]
    • a
    • Określenie formy książki i/lub objętość (NP)
    • XXII, 707 s. :
    • b
    • Oznaczenie ilustracji (NP)
    • il. ;
    • c
    • Format (NP)
    • 20 cm.
336 -Typ zawartości [ , ]
    • a
    • Termin opisujący typ zawartości
    • Tekst
    • b
    • Kod określający zawartość
    • txt
    • 2
    • Źródło (terminu i kodu)
    • rdacontent
337 -Typ mediów [ , ]
    • a
    • Tryb odtwarzania
    • Bez urządzenia pośredniczącego
    • b
    • Kod typu mediów
    • n
    • 2
    • Źródło (terminu i kodu)
    • rdamedia
338 -Typ/rodzaj nośnika [ , ]
    • a
    • Hasło opisujące typ nośnika
    • Wolumin
    • b
    • Kod typu nośnika
    • nc
    • 2
    • Źródło (terminu i kodu)
    • rdacarrier
080 -Uniwersalna Klasyfikacja Dziesiętna [ , ]
    • 2
    • Identyfikator wydania tablic
    • UDC-P058
    • a
    • Symbol klasyfikacji
    • 929-052:1
    • b
    • Dopowiedzenie
    • Biografie filozofów.
    • x
    • Poddział wspólny
    • "-05/-02"
650 -Hasło przedmiotowe [ ,7]
    • a
    • Hasło przedmiotowe
    • Filozofowie starożytni
    • v
    • Określnik formalny
    • biografie.
    • 2
    • Źródło terminu
    • kaba
    • 9
    • KHW
    • 402517
650 -Hasło przedmiotowe [ ,7]
    • a
    • Hasło przedmiotowe
    • Filozofia starożytna.
    • 2
    • Źródło terminu
    • kaba
    • 9
    • KHW
    • 108769
980 -Symbol UKD [ , ]
    • a
    • UKD
    • 929-052:1]"-05/-02"
700 -Hasło dodatkowe - nazwa osobowa [1, ]
    • a
    • Nazwa osobowa (NP)
    • Krońska, Irena Find
    • d
    • Daty biograficzne (NP)
    • (1915-1974).
    • e
    • Określenie rodzaju współpracy
    • Tł.
    • 9
    • KHW
    • 18214
700 -Hasło dodatkowe - nazwa osobowa [1, ]
    • a
    • Nazwa osobowa (NP)
    • Leśniak, Kazimierz Find
    • d
    • Daty biograficzne (NP)
    • (1911-1987).
    • e
    • Określenie rodzaju współpracy
    • Tł.
    • 9
    • KHW
    • 18216
700 -Hasło dodatkowe - nazwa osobowa [1, ]
    • a
    • Nazwa osobowa (NP)
    • Olszewski, Witold Find
    • d
    • Daty biograficzne (NP)
    • (1878-1979).
    • e
    • Określenie rodzaju współpracy
    • Tł.
    • 9
    • KHW
    • 402577
710 -Hasło dodatkowe - nazwa ciała zbiorowego [2, ]
    • a
    • Nazwa ciała zbiorowego lub nazwa geograficzna jako pierwszy element (NP)
    • Państwowe Wydawnictwo Naukowe (1951-1992).
    • 4
    • Kod relacji
    • pbl
    • 9
    • KHW
    • 52048
920 -ISBN [ , ]
    • a
    • ISBN
    • 83-01-02092-X Find
Lokalizacja Data inwentaryzacji Status udost. Sygnatura Numer inwentarzowy
BG1996-10-10-3W.120454W.120959
BG1996-10-10-3W.120454W.120459
BG1996-10-10-3W.120454W.120458
BG1996-10-10-3W.120454W.120457
BG1996-10-10-3W.120454W.120456
BG1996-10-10-3W.120454W.120455
BG1996-10-102W.120454W.120454
BG1996-10-10-3 W.130210
BG1996-10-10-3W.120454W.187489
BM2008-12-021 P.21355
BNS1996-10-101 F.16260
BNS1996-10-10-3 F.16261
BNS2007-09-14-3 H.16406
BNS2007-09-14-3 H.16407
BNS 1 F.16228